00717nam a2200229 a 4500001001000000005001700010008004100027041000800068044000700076050002200083100002700105245005700132260003900189300002900228500000800257650003600265650004000301902000800341942001100349999001500360952011200375BRCA_816820190320210148.0070514s1958----sz-a###f##---#000-0#ger-# ager asz 4aSB382b.R45c19581 aReinhardt, Hans92036010aDer kirschgartenceine wegleitung von Hans Reinhard. aBasilea, SuizabBirkhàˆuserc1958 a64 p.bil., fot.c19 cm. aX7014aJardines frutaleszSuiza92036114aJardines ornamentaleszSuiza920362 aGFM 2lcccB c7836d7836 00104070aBRCAbBRCAd2014-05-07iX70l0oSB382 .R45 1958 (X70)p8792r2019-03-22 00:00:00w2019-03-22yB